000 00529nam a2200229 a 4500
001 nice12345678
003 IN_TiNIC
005 20260116013528.0
008 050524s1946 lona grp 000 0 eng
020 _a
_c345
082 0 0 _a266.2
_bCAB
100 _aCable, Mildred
245 _aAmbassadors for Christ
260 _aLondon
_bPaternoster Press
_c1946
300 _a158p
500 _aincludes index and biblioraphy
505 2 _aIndex
650 _aMissions
902 _bSRS
942 _cBK
999 _c11342
_d11342